000
00285nam a2200109Ia 4500
008
190723s9999 xx 000 0 und d
100
_a
M. Khalid Petiwala
245
0
_a
Notes On Advanced Income Tax : Tax Year 2019
260
_a
Karachi
_b
Petiwala
_c
2019
300
_a
626:p
942
_c
BK
999
_c
1961
_d
1961